Second thoughts on Keynesian economics (Registro nro. 27861)
[ vista simple ]
| 000 -LEADER | |
|---|---|
| fixed length control field | 00332 a2200109 4500 |
| 001 - CONTROL NUMBER | |
| control field | ART_17361 |
| 005 - DATE AND TIME OF LATEST TRANSACTION | |
| control field | 20260410161923.0 |
| 008 - FIXED-LENGTH DATA ELEMENTS--GENERAL INFORMATION | |
| fixed length control field | 260409a |
| 100 1# - MAIN ENTRY--PERSONAL NAME | |
| Personal name | Barro, Robert J. |
| 245 10 - TITLE STATEMENT | |
| Title | Second thoughts on Keynesian economics |
| 773 0# - HOST ITEM ENTRY | |
| Title | The American Economic Review |
| Related parts | - Vol. 69, Nº 2 (mayo 1979) |
| Record control number | REV16190 |
No hay ítems disponibles.